<?xml version="1.0" encoding="UTF-8"?>
<record
    xmlns:xsi="http://www.w3.org/2001/XMLSchema-instance"
    xsi:schemaLocation="http://www.loc.gov/MARC21/slim http://www.loc.gov/standards/marcxml/schema/MARC21slim.xsd"
    xmlns="http://www.loc.gov/MARC21/slim">

  <leader>01485nam a22002537a 4500</leader>
  <controlfield tag="001">BRCA_9270</controlfield>
  <controlfield tag="003">FranzMayer</controlfield>
  <controlfield tag="005">20230719132518.0</controlfield>
  <controlfield tag="008">230719b        |||||||| |||| 00| 0 eng d</controlfield>
  <datafield tag="040" ind1=" " ind2=" ">
    <subfield code="a">MFM</subfield>
    <subfield code="b">esp</subfield>
    <subfield code="c">MFM</subfield>
  </datafield>
  <datafield tag="050" ind1=" " ind2="4">
    <subfield code="a">LE46</subfield>
    <subfield code="b">P58 1797</subfield>
  </datafield>
  <datafield tag="110" ind1="1" ind2=" ">
    <subfield code="4">Responsable</subfield>
    <subfield code="a">Pluribus mendis expurgata</subfield>
    <subfield code="9">28861</subfield>
  </datafield>
  <datafield tag="240" ind1="1" ind2=" ">
    <subfield code="a">Theologia&#xE6; dogmatic&#xE6; in systema redacte parsprior a Fr. </subfield>
    <subfield code="h">Petro Mar Gazzaniga Ordinis Pr&#xE6;dicatorum in Vindibonensi Universitate Prosessore Publico in ulum suorum Auditorum edita</subfield>
    <subfield code="l">Lat&#xED;n</subfield>
  </datafield>
  <datafield tag="245" ind1="0" ind2=" ">
    <subfield code="a">Theologia&#xE6; dogmatic&#xE6; in systema redacte parsprior a Fr. </subfield>
    <subfield code="b">Petro Mar Gazzaniga Ordinis Pr&#xE6;dicatorum in Vindibonensi Universitate Prosessore Publico in ulum suorum Auditorum edita</subfield>
  </datafield>
  <datafield tag="250" ind1=" " ind2=" ">
    <subfield code="a">Tercera edici&#xF3;n</subfield>
    <subfield code="b">Editio Tertia Veneta</subfield>
  </datafield>
  <datafield tag="260" ind1=" " ind2=" ">
    <subfield code="a">Venecia, Italia</subfield>
    <subfield code="b">Pluribus mendis expurgata</subfield>
    <subfield code="c">1797</subfield>
  </datafield>
  <datafield tag="300" ind1=" " ind2=" ">
    <subfield code="a">367 p</subfield>
    <subfield code="c">19 cm</subfield>
  </datafield>
  <datafield tag="500" ind1=" " ind2=" ">
    <subfield code="a">Varias hojas del libro contienen da&#xF1;o por insectos o bacterias aunque no afectan el texto</subfield>
  </datafield>
  <datafield tag="500" ind1=" " ind2=" ">
    <subfield code="a">En el exterior del libro se encuentran cintas cortadas, originalmente para cerrar el libro pero ahora no tienen mucha utilidad.</subfield>
  </datafield>
  <datafield tag="505" ind1="0" ind2=" ">
    <subfield code="a">Texto en: lat&#xED;nDirigido a: te&#xF3;logos, historiadores, investigadores o cualquier persona creyente o con inter&#xE9;s en la religi&#xF3;n cristiana/cat&#xF3;lica.Incluye &#xED;ndice (tem&#xE1;tico)</subfield>
  </datafield>
  <datafield tag="650" ind1="1" ind2=" ">
    <subfield code="2">Religi&#xF3;n</subfield>
    <subfield code="a">Religi&#xF3;n cristiana</subfield>
    <subfield code="v">Teolog&#xED;a</subfield>
    <subfield code="9">28862</subfield>
  </datafield>
  <datafield tag="651" ind1="2" ind2=" ">
    <subfield code="2">Religi&#xF3;n</subfield>
    <subfield code="a">Historia y principios de la religi&#xF3;n</subfield>
    <subfield code="v">Estudios religiosos</subfield>
    <subfield code="9">28863</subfield>
  </datafield>
  <datafield tag="942" ind1=" " ind2=" ">
    <subfield code="2">lcc</subfield>
    <subfield code="c">B</subfield>
  </datafield>
  <datafield tag="999" ind1=" " ind2=" ">
    <subfield code="c">10889</subfield>
    <subfield code="d">10889</subfield>
  </datafield>
  <datafield tag="952" ind1=" " ind2=" ">
    <subfield code="0">0</subfield>
    <subfield code="1">0</subfield>
    <subfield code="2">lcc</subfield>
    <subfield code="4">0</subfield>
    <subfield code="7">0</subfield>
    <subfield code="8">CFM</subfield>
    <subfield code="a">BRCA</subfield>
    <subfield code="b">BRCA</subfield>
    <subfield code="d">2023-07-19</subfield>
    <subfield code="e">Donaci&#xF3;n</subfield>
    <subfield code="l">0</subfield>
    <subfield code="o">LE46 P58 1797</subfield>
    <subfield code="p">CFM00504</subfield>
    <subfield code="r">2023-07-19 00:00:00</subfield>
    <subfield code="w">2023-07-19</subfield>
    <subfield code="y">B</subfield>
  </datafield>
</record>
